| 000 | 00423nam a22001577a 4500 | ||
|---|---|---|---|
| 003 | CEME | ||
| 005 | 20210628203715.0 | ||
| 008 | 210317b xxu||||| |||| 00| 0 eng d | ||
| 040 | _c. | ||
| 082 | _a355.02-G WAT'M | ||
| 100 |
_aTsouras, Peter, George, Bruce, Watson, Bruce W _966951 |
||
| 245 | _aMilitary lesson of teh gulf war | ||
| 260 |
_aRAWALPINDI _bARMY EDUCATION PRESS _c1993 |
||
| 300 | _a272P | ||
| 942 |
_cBK _2ddc |
||
| 999 |
_c574809 _d574809 |
||